|
|
|
|
| LEADER |
00598cam a2200193 7i4500 |
| 001 |
0000048054 |
| 005 |
20151104090000.0 |
| 005 |
##20151104161900.0 |
| 003 |
##MY-KlINT |
| 020 |
# |
# |
|a 0787900575
|
| 039 |
# |
9 |
|y 201511041619
|z VLOAD
|
| 090 |
0 |
0 |
|a 658.3128
|b OBR
|
| 100 |
1 |
# |
|a O'BRIEN, Maureen
|
| 245 |
0 |
0 |
|a Who's got the ball?and other nagging questions about team life) :
|b a players guide for work teams /
|c Maureen O'Brien.
|
| 260 |
# |
# |
|a San Francisco:
|b Jossey Bass,
|c 1995.
|
| 300 |
# |
# |
|a xvii,187p;
|c 21cm.
|
| 490 |
0 |
# |
|a Jossey-Bass management series
|
| 650 |
# |
0 |
|a Employee empowerment
|
| 650 |
# |
0 |
|a Work groups
|